000 00417nam a2200157Ia 4500
003 OSt
005 20230525112429.0
008 211028s2010 xx 000 0 und d
040 _cAIMIT LIBRARY
041 _aeng
100 _aSai, R Jyothish; Maheshwari, Uma.
_g81806
_99114
110 _aUma Maheshwari
_99115
245 _aGenomic analysis of Chikungunya virus.
260 _aMangalore
_c2010
942 _2ddc
_cPRO
999 _c220220
_d220220